| 000 | 00973nam a22002897a 4500 | ||
|---|---|---|---|
| 001 | 6602 | ||
| 003 | FISKH | ||
| 005 | 20250513102210.0 | ||
| 008 | 250513b cb ||||| |||| 00| 0 eng d | ||
| 020 | _a9780590988865 | ||
| 040 |
_aFISKH _beng _cFISKH _dFISKH |
||
| 050 | _aPZ7.B1135 T | ||
| 082 | _a813.54 | ||
| 100 |
_aBabbitt, Natalie _d(1932–2016) |
||
| 245 |
_aTuck everlasting / _cNatalie Babbitt |
||
| 250 | _aThis edition first published in 1975 | ||
| 260 |
_aNew York : _bScholastic, _c1975 |
||
| 300 |
_a139 pages : _b18 cm |
||
| 505 | _aR | ||
| 520 | _aThe Tuck family is confronted with an agonizing situation when they discover that a ten-year-old girl and a malicious stranger now share their secret about a spring whose water prevents one from ever growing any older. | ||
| 521 | 8 |
_a770
_bLexile |
|
| 521 | 8 |
_aR
_bRaz-Plus |
|
| 650 |
_2Fantasy _aYoung adult |
||
| 650 |
_2Friendship _aImmortality |
||
| 942 |
_2ddc _cBK _n0 |
||
| 999 |
_c6602 _d6602 |
||